Como Oreo - Blessd, Fuerza Regida, Ovy On The Drums - Estadísticas

Estadísticas generales
  • Esta prueba ha sido intentada 29 veces
  • La puntuación promedio es 243 de 418
Estadísticas de respuestas
Letra % Correcto
a
100%
de
100%
en
100%
me
100%
Me
100%
carita
80%
Carita
80%
Como
80%
cómo
80%
como
80%
Con
80%
con
80%
el
80%
ella
80%
es
80%
esa
80%
Esa
80%
fresita
80%
g
80%
gritabas
80%
Gritabas,
80%
la
80%
malote,
80%
80%
mi
80%
miraba
80%
Miraba,
80%
mirabas
80%
Mirabas,
80%
mirabas,
80%
mordidita
80%
no
80%
Oreo,
80%
Pa'
80%
pa'
80%
puse
80%
que
80%
qué
80%
si
80%
ti
80%
tiene
80%
un
80%
Y
80%
y
80%
ahí
60%
ángel
60%
Bebé,
60%
bebé
60%
bebé,
60%
choque
60%
chulita
60%
cogí
60%
cora
60%
culito
60%
da
60%
Dime,
60%
dime,
60%
disparar
60%
eh,
60%
Ese
60%
ese
60%
fascina
60%
fresa
60%
fue
60%
gusto
60%
Hace
60%
intimidad
60%
las
60%
lo
60%
Na,
60%
na,
60%
na
60%
nalguita
60%
Niña
60%
nos
60%
patek
60%
por
60%
quiere
60%
quiere'
60%
se
60%
Se
60%
también
60%
te...
60%
te
60%
Te
60%
tiempo
60%
to,
60%
to
60%
toca
60%
troca
60%
60%
última
60%
una
60%
vez
60%
yo
60%
Yo
60%
70
40%
abajo
40%
actriz
40%
amor,
40%
anillo
40%
chambié,
40%
ciudad
40%
Cleef,
40%
combo
40%
cuando
40%
culo
40%
después
40%
diabla
40%
dio,
40%
duro
40%
entra
40%
eres
40%
estás
40%
feliz
40%
fina
40%
Gucci,
40%
Hola,
40%
jevo
40%
le
40%
nuevo
40%
piscina
40%
pongo
40%
Prada,
40%
resalta
40%
roto
40%
santita
40%
seguridad
40%
sola
40%
soy
40%
su
40%
tienes
40%
Todo
40%
todo
40%
Vamos
40%
Van
40%
ya
40%
Ya
40%
andemos
20%
anhelo
20%
bien
20%
compré
20%
corazón
20%
eso
20%
final
20%
hasta
20%
lava
20%
llamo,
20%
llamó
20%
más
20%
mayor
20%
operadita,
20%
para
20%
poco
20%
pornstar,
20%
privado
20%
tengo
20%
usted
20%
volverte
20%
wa
20%
apliqué
0%
atrás
0%
avión
0%
blindaba
0%
Cedió,
0%
cedió,
0%
cometemos
0%
deslize
0%
domina
0%
entero
0%
escas
0%
esté
0%
estoy
0%
fiesta
0%
hay
0%
jetski
0%
kiss
0%
LV
0%
mami,
0%
mela
0%
Melo
0%
meter,
0%
mirados
0%
Mykonos
0%
nariz
0%
negra
0%
paisita
0%
Parchámonos
0%
parte
0%
Please,
0%
quito
0%
rico
0%
robarmele
0%
rosa
0%
Sabes
0%
santal,
0%
solo
0%
son
0%
tus
0%
unos
0%
No se encontraron pruebas coincidentes
Distribución de puntuación
Porcentaje de gente con cada puntuación
Porcentaje por número respondido
Historial de tus puntuaciones
No has intentado esta prueba.